| Tag |
First Indicator |
Second Indicator |
Subfields |
| LEADER |
00000cam a2200000 a 4500 |
| 001 |
in00000018172 |
| 005 |
20151007053154.0 |
| 008 |
860227s1985 cc af 00000 eng d |
| 035 |
|
|
|a (OCoLC)13209071
|
| 035 |
|
|
|9 AAB0659AM
|
| 040 |
|
|
|a WAU
|c WAU
|d TXA
|d UtOrBLW
|
| 043 |
|
|
|a a-cc---
|
| 049 |
|
|
|a TXAM
|c [A11043864]
|
| 050 |
|
4 |
|a DS740.4
|b .C354526 1985
|
| 245 |
0 |
0 |
|a China for peace.
|
| 250 |
|
|
|a 1st ed.
|
| 264 |
|
1 |
|a Beijing :
|b New World Press :
|c 1985.
|
| 264 |
|
2 |
|a Beijing :
|b Distributed by China International Book Trading Corp.,
|
| 300 |
|
|
|a 145 pages, 8 unnumbered pages of plates :
|b illustrations ;
|c 19 cm.
|
| 336 |
|
|
|a text
|b txt
|2 rdacontent
|
| 337 |
|
|
|a unmediated
|b n
|2 rdamedia
|
| 338 |
|
|
|a volume
|b nc
|2 rdacarrier
|
| 651 |
|
0 |
|a China
|x Foreign relations.
|
| 650 |
|
0 |
|a Nuclear disarmament
|z China.
|
| 650 |
|
0 |
|a Chinese reunification question, 1949-
|
| 999 |
|
|
|a MARS
|
| 999 |
f |
f |
|s ee801a7e-ad74-3c06-8761-30687d2f1441
|i f5f3b78e-264c-3667-8177-c96087a736a3
|t 0
|
| 952 |
f |
f |
|p ric
|a Texas A&M University
|b Rellis Campus
|c Joint Library Facility
|d Remote Storage
|t 0
|e DS740.4 .C354526 1985
|h Library of Congress classification
|i unmediated -- volume
|m A14811043864
|
| 998 |
f |
f |
|a DS740.4 .C354526 1985
|t 0
|l Remote Storage
|